[Event "Pere Noel U1800 Online"]
[Site "Chess.com"]
[Date "2020.12.28"]
[Round "4"]
[White "Dufresne, Alexandre"]
[Black "Zuo, Roger"]
[Result "1-0"]
[WhiteElo "1661"]
[BlackElo "1525"]
[PlyCount "113"]
[EventDate "2020.12.27"]
[EventType "swiss"]
[EventRounds "6"]
[EventCountry "CAN"]

1. d4 d5 2. Nf3 Nf6 3. c4 e6 4. Nc3 Be7 5. Bg5 h6 6. Bh4 Nbd7 7. e3 b6 8. Rc1
dxc4 9. Bxc4 Bb7 10. O-O O-O 11. Qe2 a6 12. a3 b5 13. Ba2 Ne4 14. Bxe7 Qxe7 15.
Nxe4 Bxe4 16. Rxc7 Qd6 17. Rfc1 Nf6 18. Nd2 Qd8 19. Nxe4 Nxe4 20. f3 Nf6 21.
Qd3 Rc8 22. Rxc8 Qxc8 23. Rxc8 Rxc8 24. Kf2 Kf8 25. g4 Ke8 26. e4 Rd8 27. Qc3
Ke7 28. d5 exd5 29. Bxd5 Nxd5 30. exd5 Rxd5 31. Qxg7 h5 32. h3 hxg4 33. hxg4
Rd6 34. Qg5+ f6 35. Qg7+ Ke6 36. Qb7 Rd2+ 37. Kg3 Rxb2 38. Qxa6+ Kf7 39. Qd6
Re2 40. Qd5+ Kg7 41. Qxb5 Re7 42. a4 Rf7 43. a5 Re7 44. a6 Rf7 45. Qb7 Rxb7 46.
axb7 f5 47. b8=Q fxg4 48. fxg4 Kf6 49. Qf4+ Ke6 50. g5 Kd5 51. g6 Kc5 52. g7
Kc6 53. g8=Q Kc5 54. Qgg5+ Kc6 55. Qff6+ Kc7 56. Qgg7+ Kc8 57. Qff8# 1-0

[Event "Pere Noel U1800 Online"]
[Site "Chess.com"]
[Date "2020.12.28"]
[Round "4"]
[White "Duval, Mathieu"]
[Black "Wu, Ting En Ryan"]
[Result "1-0"]
[WhiteElo "1588"]
[BlackElo "943"]
[PlyCount "115"]
[EventDate "2020.12.27"]
[EventType "swiss"]
[EventRounds "6"]
[EventCountry "CAN"]

1. d4 d5 2. c4 e6 3. cxd5 exd5 4. Nc3 Nf6 5. Nf3 Nc6 6. Bg5 Be6 7. e3 a6 8. Bd3
Be7 9. O-O O-O 10. a3 h6 11. Bxf6 Bxf6 12. Na4 Be7 13. Rc1 Qd7 14. Nc5 Bxc5 15.
Rxc5 Bg4 16. h3 Bh5 17. g4 Bg6 18. Bxg6 fxg6 19. Nh2 Qd6 20. Qb3 Rab8 21. Qxd5+
Qxd5 22. Rxd5 Rfd8 23. Rxd8+ Rxd8 24. Nf3 Kf7 25. Rc1 Ke6 26. Kf1 g5 27. Ke2 g6
28. Rc5 Rd7 29. Ne5 Nxe5 30. Rxe5+ Kf6 31. Re8 Kg7 32. Rb8 b6 33. Kd3 h5 34. e4
hxg4 35. hxg4 Kf6 36. Ke3 Ke6 37. f3 a5 38. Kd3 Kf6 39. Rf8+ Ke7 40. Rb8 Kf6
41. b3 Ke6 42. Kc4 Kd6 43. Rg8 Kc6 44. Rxg6+ Kb7 45. Rxg5 c6 46. f4 b5+ 47. Kc5
Re7 48. e5 Rd7 49. e6 Re7 50. Re5 Kc7 51. f5 Rg7 52. f6 Rxg4 53. f7 Rf4 54. e7
Rxf7 55. e8=Q Rd7 56. Re7 Rxe7 57. Qxe7+ Kc8 58. Kxc6 1-0

[Event "Pere Noel U1800 Online"]
[Site "Chess.com"]
[Date "2020.12.28"]
[Round "4"]
[White "Fortin, Anne-Esmee"]
[Black "Dugas, Hugues"]
[Result "1-0"]
[WhiteElo "1610"]
[BlackElo "1434"]
[PlyCount "127"]
[EventDate "2020.12.27"]
[EventType "swiss"]
[EventRounds "6"]
[EventCountry "CAN"]

1. e4 g6 2. d4 Bg7 3. Nf3 d6 4. Nc3 Nf6 5. Bc4 e6 6. O-O O-O 7. Re1 Nc6 8. h3
a6 9. a4 Bd7 10. Bg5 h6 11. Be3 Nh7 12. Qd2 g5 13. g4 Kh8 14. d5 Ne7 15. dxe6
fxe6 16. Kg2 Ng6 17. Be2 Nf4+ 18. Bxf4 Rxf4 19. b3 Bc6 20. Bf1 Qf6 21. Re3 Rf8
22. Be2 b5 23. axb5 Bxb5 24. e5 dxe5 25. Nxb5 axb5 26. Nxe5 Rxf2+ 27. Kg1 Rd8
28. Nf7+ Qxf7 29. Qxd8+ Nf8 30. Rf1 Rxf1+ 31. Bxf1 c6 32. Bg2 Qf4 33. Rf3 Qd4+
34. Qxd4 Bxd4+ 35. Kf1 Ng6 36. Rd3 c5 37. Bc6 Nf4 38. Rxd4 cxd4 39. Bxb5 Nxh3
40. Ke2 Nf4+ 41. Kd2 Kg7 42. Be2 Kf6 43. b4 Nd5 44. b5 Ke5 45. Bc4 Nb6 46. Kd3
Kf4 47. Bxe6 Ke5 48. Bf5 Kd5 49. Be4+ Kc5 50. Bc6 Nd5 51. Bxd5 Kxd5 52. b6 Kc6
53. b7 Kxb7 54. Kxd4 h5 55. gxh5 g4 56. Ke3 g3 57. Kf3 g2 58. Kxg2 Kc7 59. Kg3
Kd7 60. Kg4 Ke7 61. Kg5 Kf7 62. c4 Kg8 63. c5 Kh7 64. c6 1-0

[Event "Pere Noel U1800 Online"]
[Site "Chess.com"]
[Date "2020.12.28"]
[Round "4"]
[White "Lemay, Marc-Antoine"]
[Black "Boileau, Dominic"]
[Result "0-1"]
[WhiteElo "1596"]
[BlackElo "2156"]
[PlyCount "128"]
[EventDate "2020.12.27"]
[EventType "swiss"]
[EventRounds "6"]
[EventCountry "CAN"]

1. d4 Nf6 2. Nf3 d5 3. Bf4 e6 4. e3 Bd6 5. Bxd6 Qxd6 6. a3 c5 7. c4 O-O 8. dxc5
Qxc5 9. b4 Qc7 10. Nbd2 b6 11. Be2 dxc4 12. Nxc4 Rd8 13. Qc1 Bb7 14. O-O Nbd7
15. Nce5 Qxc1 16. Rfxc1 Nxe5 17. Nxe5 Rac8 18. Bf3 Nd5 19. b5 a6 20. Nc6 Bxc6
21. Rxc6 Rxc6 22. bxc6 Rc8 23. Rc1 Kf8 24. Be2 b5 25. a4 Nc7 26. axb5 axb5 27.
Rb1 Rb8 28. h3 Ke7 29. Rd1 Rd8 30. Rb1 Rd5 31. Kf1 Kd6 32. Ra1 Rc5 33. Bf3 b4
34. Rd1+ Ke5 35. Rd7 b3 36. Rxc7 b2 37. Rb7 Rc1+ 38. Ke2 b1=Q 39. Rxb1 Rxb1 40.
Kd2 Kd6 41. Kc2 Rf1 42. Kd2 Rxf2+ 43. Kd3 f5 44. e4 f4 45. Kd4 e5+ 46. Kc4 Kxc6
47. Kb4 Rc2 48. Kb3 Rc1 49. Kb2 Rc5 50. Kb3 Kd6 51. Kb4 Rc1 52. Kb3 Ke6 53. Kb2
Rc5 54. Kb3 Kf6 55. Kb4 Rc1 56. Kb3 g5 57. Kb2 Rc5 58. Kb3 Kg6 59. Kb4 Rc1 60.
Kb3 h5 61. Kb2 Rg1 62. Kc2 g4 63. hxg4 hxg4 64. Bxg4 Rxg2+ 0-1

[Event "Pere Noel U1800 Online"]
[Site "Chess.com"]
[Date "2020.12.28"]
[Round "4"]
[White "Mohit, Surdasji"]
[Black "Potvin, Alain-Nicolas"]
[Result "1-0"]
[WhiteElo "1870"]
[BlackElo "1558"]
[PlyCount "43"]
[EventDate "2020.12.27"]
[EventType "swiss"]
[EventRounds "6"]
[EventCountry "CAN"]

1. e4 g6 2. f4 Bg7 3. d4 d6 4. Nf3 Nf6 5. Bd3 c5 6. c3 Qa5 7. Bd2 O-O 8. Na3
Bd7 9. Nc4 Qc7 10. h3 b5 11. Ne3 Bc6 12. d5 Bd7 13. Qe2 c4 14. Bc2 Na6 15. g4
Nc5 16. Ng2 Rae8 17. O-O-O e6 18. dxe6 Rxe6 19. f5 Ree8 20. fxg6 fxg6 21. Qe1
Nfxe4 22. Rf1 1-0

[Event "Pere Noel U1800 Online"]
[Site "Chess.com"]
[Date "2020.12.28"]
[Round "5"]
[White "Boileau, Dominic"]
[Black "Dufresne, Alexandre"]
[Result "0-1"]
[WhiteElo "2051"]
[BlackElo "1776"]
[PlyCount "106"]
[EventDate "2020.12.27"]
[EventType "swiss"]
[EventRounds "6"]
[EventCountry "CAN"]

1. d4 Nf6 2. c4 e6 3. Nc3 Bb4 4. f3 c5 5. dxc5 Bxc5 6. e4 a6 7. e5 Ng8 8. Ne4
Qc7 9. f4 b6 10. Nf3 h6 11. a3 Bb7 12. Bd3 a5 13. Bd2 Bxe4 14. Bxe4 Nc6 15. Qa4
Ra7 16. Qb3 Nge7 17. Be3 d6 18. exd6 Qxd6 19. Rd1 Qc7 20. Bxc5 bxc5 21. O-O O-O
22. Qe3 Rb8 23. Rf2 Nd4 24. Nxd4 cxd4 25. Rxd4 Nf5 26. Bxf5 exf5 27. Qe5 Qxe5
28. fxe5 g6 29. Kf1 Rab7 30. Rdd2 Kf8 31. Ke1 Ke7 32. Kd1 Rc8 33. Rd4 Rd7 34.
Rxd7+ Kxd7 35. Rc2 Ke6 36. b4 axb4 37. axb4 Kxe5 38. b5 Kd4 39. b6 Kc5 40. b7
Rb8 41. Rb2 Kc6 42. Kd2 Rxb7 43. Rxb7 Kxb7 44. Kd3 Kc6 45. Kd4 f6 46. c5 g5 47.
Kc4 h5 48. Kd4 h4 49. Kc4 g4 50. Kd4 h3 51. g3 f4 52. Ke4 fxg3 53. hxg3 h2 0-1

[Event "Pere Noel U1800 Online"]
[Site "Chess.com"]
[Date "2020.12.28"]
[Round "5"]
[White "Dugas, Hugues"]
[Black "Potvin, Alain-Nicolas"]
[Result "0-1"]
[WhiteElo "1429"]
[BlackElo "1588"]
[PlyCount "65"]
[EventDate "2020.12.27"]
[EventType "swiss"]
[EventRounds "6"]
[EventCountry "CAN"]

1. g3 Nf6 2. Bg2 g6 3. Nh3 Bg7 4. c3 d6 5. O-O O-O 6. d4 c6 7. f3 Nbd7 8. e4 e5
9. Nf2 Qc7 10. Nd2 Nb6 11. f4 exf4 12. gxf4 Be6 13. b3 a5 14. a4 Rae8 15. Rb1
c5 16. d5 Bc8 17. c4 Nbd7 18. Bb2 Nb8 19. Re1 Na6 20. e5 Nh5 21. exd6 Qxd6 22.
Bxg7 Kxg7 23. Qf3 Qxf4 24. Nde4 f5 25. Qxf4 Nxf4 26. Nd6 Rxe1+ 27. Rxe1 Nxg2
28. Re7+ Kf6 29. Re8 Rxe8 30. Nxe8+ Ke7 31. Ng7 Nf4 32. Nd1 Kf7 33. Nxf5 0-1

[Event "Pere Noel U1800 Online"]
[Site "Chess.com"]
[Date "2020.12.28"]
[Round "5"]
[White "Fortin, Anne-Esmee"]
[Black "Lemay, Marc-Antoine"]
[Result "1/2-1/2"]
[WhiteElo "1609"]
[BlackElo "1597"]
[PlyCount "104"]
[EventDate "2020.12.27"]
[EventType "swiss"]
[EventRounds "6"]
[EventCountry "CAN"]

1. e4 e6 2. d4 d5 3. e5 c5 4. c3 Nc6 5. Nf3 Qb6 6. Be2 c4 7. O-O Nge7 8. b3
cxb3 9. Qxb3 Qxb3 10. axb3 Ng6 11. b4 b6 12. Bb5 Bb7 13. Re1 a6 14. Bd3 b5 15.
g3 Be7 16. Bg5 O-O 17. Bxe7 Ngxe7 18. Nbd2 Nf5 19. Nb3 Ra7 20. Nc5 Rfa8 21. Ra2
Bc8 22. Rea1 Kf8 23. Nd2 h6 24. Ndb3 f6 25. Bxf5 exf5 26. f4 g5 27. exf6 Kf7
28. fxg5 hxg5 29. Rf2 Kxf6 30. Raf1 g4 31. Nc1 a5 32. bxa5 Rxa5 33. N1d3 b4 34.
Nxb4 Nxb4 35. cxb4 Rb5 36. Nd3 Ra3 37. Nf4 Rb3 38. Rc2 Bb7 39. Re1 Rb6 40. Rc5
R3xb4 41. Nxd5+ Bxd5 42. Rxd5 Rb1 43. Rde5 Rxe1+ 44. Rxe1 Rd6 45. Rd1 Ke6 46.
Kg2 Kd5 47. h3 Ke4 48. hxg4 fxg4 49. d5 Rxd5 50. Rxd5 Kxd5 51. Kf2 Ke4 52. Ke2
Kd4 1/2-1/2

[Event "Pere Noel U1800 Online"]
[Site "Chess.com"]
[Date "2020.12.28"]
[Round "5"]
[White "Guillemette, Thomas"]
[Black "Duval, Mathieu"]
[Result "0-1"]
[WhiteElo "1385"]
[BlackElo "1593"]
[PlyCount "70"]
[EventDate "2020.12.27"]
[EventType "swiss"]
[EventRounds "6"]
[EventCountry "CAN"]

1. e4 c5 2. Nf3 Nc6 3. d4 cxd4 4. Nxd4 g6 5. Nc3 Bg7 6. Be3 d6 7. Bb5 Bd7 8.
O-O Nf6 9. Nd5 O-O 10. Nxf6+ Bxf6 11. Bxc6 Bxc6 12. Nxc6 bxc6 13. c3 c5 14. Bh6
Re8 15. Re1 Rb8 16. Rb1 Qc7 17. Qg4 Qb6 18. Bg5 Bxc3 19. Re2 Bg7 20. b3 Qb7 21.
Re3 Qc8 22. Qh4 f6 23. Bh6 Kf7 24. Bxg7 Kxg7 25. Rh3 Rh8 26. Qh6+ Kg8 27. Re1
Qf8 28. Qh4 Kf7 29. Ree3 c4 30. Ref3 cxb3 31. axb3 Qc8 32. Rc3 Rxb3 33. g3 Qxc3
34. Kg2 Qf3+ 35. Kf1 Rb1# 0-1

[Event "Pere Noel U1800 Online"]
[Site "Chess.com"]
[Date "2020.12.28"]
[Round "5"]
[White "Zuo, Roger"]
[Black "Berlinguet, Etienne"]
[Result "0-1"]
[WhiteElo "1509"]
[BlackElo "1366"]
[PlyCount "64"]
[EventDate "2020.12.27"]
[EventType "swiss"]
[EventRounds "6"]
[EventCountry "CAN"]

1. e4 e6 2. d4 d5 3. Nd2 Nf6 4. e5 Nfd7 5. Ngf3 c5 6. c3 cxd4 7. cxd4 Nc6 8.
Nb3 Be7 9. Be2 O-O 10. Be3 f6 11. exf6 Nxf6 12. O-O Bd7 13. Rc1 Rc8 14. Nc5
Bxc5 15. Rxc5 Qc7 16. Ne5 Be8 17. Qc1 Nd7 18. Rc3 Ndxe5 19. dxe5 Qxe5 20. Bg4
Bd7 21. Bc5 Rfe8 22. Re1 Qf6 23. Rf3 Qg6 24. Qf4 e5 25. Qd2 Qxg4 26. Qxd5+ Qe6
27. Qd2 Rcd8 28. Ree3 Bc8 29. Qe2 Qd5 30. Rd3 Qxc5 31. Rxd8 Rxd8 32. h3 Nd4 0-1

[Event "Pere Noel U1800 Online"]
[Site "Chess.com"]
[Date "2020.12.28"]
[Round "6"]
[White "Berlinguet, Etienne"]
[Black "Dugas, Hugues"]
[Result "1-0"]
[WhiteElo "1443"]
[BlackElo "1420"]
[PlyCount "61"]
[EventDate "2020.12.27"]
[EventType "swiss"]
[EventRounds "6"]
[EventCountry "CAN"]

1. e4 g6 2. d4 Bg7 3. Nf3 d6 4. Be2 Nf6 5. Nbd2 O-O 6. O-O b6 7. Re1 Bb7 8. Bd3
Nfd7 9. c3 c5 10. Nf1 cxd4 11. cxd4 Nc6 12. Be3 Rc8 13. Rc1 Nb4 14. Bb1 Rxc1
15. Qxc1 Na6 16. Bh6 Nc7 17. Bxg7 Kxg7 18. Qe3 f6 19. Ng3 e5 20. h4 Ne6 21. h5
Nf4 22. h6+ Kxh6 23. Ne2 g5 24. Nxf4 gxf4 25. Qa3 Qe7 26. Nh4 Qf7 27. Nf5+ Kg6
28. Nxd6 Qg7 29. Nxb7 Kf7 30. Nd6+ Kg8 31. Nf5 1-0

[Event "Pere Noel U1800 Online"]
[Site "Chess.com"]
[Date "2020.12.28"]
[Round "6"]
[White "Dufresne, Alexandre"]
[Black "Fortin, Anne-Esmee"]
[Result "0-1"]
[WhiteElo "1693"]
[BlackElo "1633"]
[PlyCount "132"]
[EventDate "2020.12.27"]
[EventType "swiss"]
[EventRounds "6"]
[EventCountry "CAN"]

1. d4 Nf6 2. c4 g6 3. Nc3 Bg7 4. Nf3 O-O 5. Bg5 d6 6. Qd2 c5 7. d5 Bf5 8. Bh6
e5 9. Bxg7 Kxg7 10. h3 a6 11. g4 Bd7 12. e4 b5 13. Bd3 b4 14. Ne2 a5 15. Ng3
Qe7 16. g5 Ng8 17. O-O-O f6 18. gxf6+ Qxf6 19. Be2 Na6 20. Rdg1 Kh8 21. Rg2 Qf4
22. Kd1 Qxd2+ 23. Kxd2 Rf4 24. Ke3 Raf8 25. Nh2 Bxh3 26. Rgg1 Bd7 27. f3 Ne7
28. Nhf1 Nc7 29. Rh2 R4f7 30. Nh1 Ne8 31. Nf2 Ng7 32. Ng3 Kg8 33. Nh3 Bxh3 34.
Rxh3 Kh8 35. Rgh1 Ne8 36. Rh6 Nf6 37. Rg1 Nfg8 38. Rh2 Nf6 39. Rf2 Ng4+ 40.
fxg4 Rxf2 41. Nh1 R2f4 42. g5 Rh4 43. Nf2 Rff4 44. Bf3 Nc8 45. Rg2 Nb6 46. b3
a4 47. Nd3 Rf7 48. Nf2 Rhf4 49. Rg3 axb3 50. axb3 Ra7 51. Nd3 Rff7 52. Rg2 Ra3
53. Rb2 Nxc4+ 54. bxc4 Rxf3+ 55. Kxf3 Rxd3+ 56. Ke2 Rc3 57. Ra2 Ra3 58. Rb2 Kg7
59. Kf2 h6 60. gxh6+ Kxh6 61. Ke2 Kg5 62. Kd1 Kf4 63. Rg2 g5 64. Rf2+ Kxe4 65.
Rf6 Kd3 66. Rxd6 Ra1# 0-1

[Event "Pere Noel U1800 Online"]
[Site "Chess.com"]
[Date "2020.12.28"]
[Round "6"]
[White "Duval, Mathieu"]
[Black "Boileau, Dominic"]
[Result "1-0"]
[WhiteElo "1610"]
[BlackElo "1941"]
[PlyCount "63"]
[EventDate "2020.12.27"]
[EventType "swiss"]
[EventRounds "6"]
[EventCountry "CAN"]

1. d4 Nf6 2. c4 e6 3. Nc3 Bb4 4. a3 Bxc3+ 5. bxc3 c5 6. Nf3 O-O 7. e3 b6 8. Bd3
d6 9. O-O Nc6 10. Qc2 h6 11. e4 e5 12. d5 Na5 13. Nd2 Nh5 14. Nb3 Nxb3 15. Qxb3
f5 16. exf5 Bxf5 17. Bxf5 Rxf5 18. g4 Nf4 19. f3 Qh4 20. Qd1 Rf7 21. Bxf4 Rxf4
22. Qd3 Raf8 23. Kg2 e4 24. fxe4 Qxg4+ 25. Kh1 Rxe4 26. Rxf8+ Kxf8 27. Rg1 Qh4
28. Qf3+ Rf4 29. Qg2 Qf6 30. Re1 Qxc3 31. Qe2 Qxc4 32. Qe8# 1-0

[Event "Pere Noel U1800 Online"]
[Site "Chess.com"]
[Date "2020.12.28"]
[Round "6"]
[White "Guillemette, Thomas"]
[Black "Mohit, Surdasji"]
[Result "1-0"]
[WhiteElo "1425"]
[BlackElo "1700"]
[PlyCount "39"]
[EventDate "2020.12.27"]
[EventType "swiss"]
[EventRounds "6"]
[EventCountry "CAN"]

1. e4 c5 2. Nf3 Nc6 3. d4 cxd4 4. Nxd4 d6 5. Nc3 g6 6. Bc4 Bg7 7. Be3 Nf6 8.
Qd2 Ne5 9. Bb3 Nfg4 10. f3 Nxe3 11. Qxe3 Bd7 12. O-O-O O-O 13. h4 Kh8 14. h5 a5
15. hxg6 fxg6 16. Rh2 a4 17. Bd5 e6 18. Bxe6 Qb6 19. Rxh7+ Kxh7 20. Rh1+ 1-0

[Event "Pere Noel U1800 Online"]
[Site "Chess.com"]
[Date "2020.12.28"]
[Round "6"]
[White "Potvin, Alain-Nicolas"]
[Black "Lemay, Marc-Antoine"]
[Result "1-0"]
[WhiteElo "1628"]
[BlackElo "1584"]
[PlyCount "79"]
[EventDate "2020.12.27"]
[EventType "swiss"]
[EventRounds "6"]
[EventCountry "CAN"]

1. d4 c6 2. Bf4 Nf6 3. e3 d5 4. Bd3 Bg4 5. Nf3 e6 6. c3 Nbd7 7. Nbd2 Be7 8. Qb3
b5 9. a4 a6 10. axb5 axb5 11. O-O Nh5 12. Ne5 Rxa1 13. Rxa1 Nxe5 14. Bxe5 f6
15. Bg3 Nxg3 16. hxg3 O-O 17. Ra6 Qc8 18. Qa2 e5 19. e4 exd4 20. cxd4 Be6 21.
Qa1 Bb4 22. Nf1 dxe4 23. Bxe4 Bd5 24. Bxd5+ cxd5 25. Ne3 Re8 26. Qa2 Kh8 27.
Ra7 Rd8 28. Qb3 Qb8 29. Ra1 Bf8 30. Ra5 b4 31. Rxd5 Rxd5 32. Qxd5 Qa7 33. Nc4
Qa1+ 34. Kh2 Qc1 35. Ne3 Qxb2 36. Qf7 h6 37. Qxf8+ Kh7 38. Nf5 Kg6 39. Ne7+ Kh7
40. Qg8# 1-0

[Event "Pere Noel U1800 Online"]
[Site "Chess.com"]
[Date "2020.12.28"]
[Round "6"]
[White "Wu, Ting En Ryan"]
[Black "Zuo, Roger"]
[Result "0-1"]
[WhiteElo "921"]
[BlackElo "1510"]
[PlyCount "72"]
[EventDate "2020.12.27"]
[EventType "swiss"]
[EventRounds "6"]
[EventCountry "CAN"]

1. d4 d5 2. c4 e6 3. Nc3 Nf6 4. Bg5 Be7 5. Nf3 h6 6. Bh4 Nbd7 7. e3 dxc4 8.
Bxc4 b6 9. O-O Bb7 10. Bg3 a6 11. a4 O-O 12. Re1 Bb4 13. Bf1 Ne4 14. Rc1 Nxg3
15. fxg3 Nf6 16. Bd3 c5 17. Rf1 cxd4 18. exd4 Qe7 19. Ne2 Rfd8 20. Ne5 Rac8 21.
Rxc8 Rxc8 22. Nf4 Rd8 23. Ne2 Bd6 24. Nf3 Bb8 25. Nc3 Qb4 26. Ne2 Qxb2 27. Qb1
Qxb1 28. Rxb1 Nd5 29. Be4 Rd6 30. Rb3 Kf8 31. Kf2 Ke7 32. Ne5 Bc7 33. Nc4 Rc6
34. Bxd5 exd5 35. Na5 Rf6+ 36. Ke3 Ba8 0-1

[Event "Quebec-ch U16/U18"]
[Site "Montreal CAN"]
[Date "2020.02.22"]
[Round "1.3"]
[White "Farahdel, Anahita"]
[Black "Tanaka, Tyler"]
[Result "0-1"]
[WhiteElo "1528"]
[BlackElo "2282"]
[PlyCount "42"]
[EventDate "2020.02.22"]
[EventType "swiss"]
[EventRounds "4"]
[EventCountry "CAN"]

1. d4 Nf6 2. c4 g6 3. Nf3 Bg7 4. Nc3 O-O 5. g3 c5 6. Bg2 Nc6 7. e3 cxd4 8. Nxd4
Qc7 9. Nxc6 bxc6 10. Qc2 d5 11. cxd5 cxd5 12. Qd1 Ba6 13. Qa4 Qd6 14. Ne2 Ne4
15. Bxe4 dxe4 16. Qxe4 Rfd8 17. Qc2 Rac8 18. Nc3 Bd3 19. Qb3 Rxc3 20. bxc3 Qc6
21. Rg1 Bxc3+ 0-1

[Event "Quebec-ch U16/U18"]
[Site "Montreal CAN"]
[Date "2020.02.22"]
[Round "1.4"]
[White "Huang, Qiuyu"]
[Black "Bilodeau-Savaria, Sandy-Rose"]
[Result "1-0"]
[WhiteElo "2209"]
[BlackElo "1510"]
[PlyCount "95"]
[EventDate "2020.02.22"]
[EventType "swiss"]
[EventRounds "4"]
[EventCountry "CAN"]

1. e4 c5 2. Nf3 d6 3. d4 cxd4 4. Nxd4 Nf6 5. Nc3 a6 6. Bg5 e5 7. Nf5 Bxf5 8.
exf5 Be7 9. Bxf6 Bxf6 10. Bc4 Nc6 11. Nd5 O-O 12. c3 Re8 13. O-O Bg5 14. Re1 b5
15. Bb3 Ne7 16. Qf3 Nxd5 17. Bxd5 Ra7 18. Bc6 Ree7 19. Rad1 Rac7 20. Rd3 g6 21.
Red1 e4 22. Bxe4 Qe8 23. h4 Bxh4 24. Bd5 Re1+ 25. Kh2 Re2 26. fxg6 hxg6 27. Qg4
Qe5+ 28. f4 Qh5 29. Qxh5 gxh5 30. R1d2 Rce7 31. Bf3 Rxd2 32. Rxd2 Re6 33. Bxh5
Rh6 34. Rd5 Kf8 35. g3 Bd8 36. Kg2 Ke7 37. Bg4 Bb6 38. Bc8 Rh8 39. Bxa6 Ra8 40.
Bxb5 Rxa2 41. Rd2 Ra5 42. Bc4 f5 43. Re2+ Kd7 44. Be6+ Kc6 45. Rd2 Bc7 46. Kh3
Rb5 47. b4 Bb6 48. Bc4 1-0

[Event "Quebec-ch U16/U18"]
[Site "Montreal CAN"]
[Date "2020.02.22"]
[Round "1.5"]
[White "Ghannoum, Christopher"]
[Black "Martinez-Mulet, Dario"]
[Result "0-1"]
[WhiteElo "1241"]
[BlackElo "2195"]
[PlyCount "58"]
[EventDate "2020.02.22"]
[EventType "swiss"]
[EventRounds "4"]
[EventCountry "CAN"]

1. e4 c6 2. d4 d5 3. exd5 cxd5 4. c4 Nf6 5. Nc3 g6 6. Nf3 Bg7 7. Be2 O-O 8. O-O
Nc6 9. Bf4 Be6 10. c5 Rc8 11. Re1 Ne4 12. Bb5 Bg4 13. Bxc6 Nxc3 14. bxc3 Rxc6
15. Qd3 Bxf3 16. Qxf3 b6 17. cxb6 axb6 18. Rab1 e6 19. Rec1 Qa8 20. Qe2 Rfc8
21. Qd2 Qa5 22. Qb2 Rxc3 23. Rxc3 Qxc3 24. Qxc3 Rxc3 25. Rd1 Rc2 26. g3 Rxa2
27. Bc1 Bf8 28. Rd3 Ra1 29. Rc3 Ba3 0-1

[Event "Quebec-ch U16/U18"]
[Site "Montreal CAN"]
[Date "2020.02.22"]
[Round "1.6"]
[White "Wu, Tony (Dongze)"]
[Black "Yang, Kun"]
[Result "1-0"]
[WhiteElo "2076"]
[BlackElo "1133"]
[PlyCount "67"]
[EventDate "2020.02.22"]
[EventType "swiss"]
[EventRounds "4"]
[EventCountry "CAN"]

1. d4 Nf6 2. c4 e6 3. Nf3 Be7 4. Nc3 d5 5. Bg5 Nbd7 6. e3 c5 7. Rc1 b6 8. cxd5
exd5 9. Bb5 O-O 10. Bc6 Ba6 11. Bxa8 Qxa8 12. Ne5 Re8 13. Qa4 Qb7 14. Nxd7 Nxd7
15. Bxe7 Rxe7 16. Kd2 Nf6 17. f3 Qc8 18. Rhe1 Qb7 19. Ne2 Bxe2 20. Rxe2 Nd7 21.
Ke1 Qb8 22. g3 a5 23. Qb3 Qb7 24. Kf2 Re6 25. dxc5 Rc6 26. Qxd5 Qc8 27. Rd1 Rc7
28. cxb6 Rb7 29. Red2 Rxb6 30. Qxd7 Qxd7 31. Rxd7 Rxb2+ 32. R1d2 Rb8 33. Rd8+
Rxd8 34. Rxd8# 1-0

[Event "Quebec-ch U16/U18"]
[Site "Montreal CAN"]
[Date "2020.02.22"]
[Round "1.7"]
[White "Crete, Mathys"]
[Black "Tinica, Gabriel"]
[Result "0-1"]
[WhiteElo "1126"]
[BlackElo "2032"]
[PlyCount "54"]
[EventDate "2020.02.22"]
[EventType "swiss"]
[EventRounds "4"]
[EventCountry "CAN"]

1. d4 Nf6 2. Nc3 g6 3. e4 d6 4. Be3 Bg7 5. e5 Ng4 6. exd6 exd6 7. Qf3 O-O 8.
O-O-O Nxe3 9. fxe3 Re8 10. Bc4 Be6 11. Bxe6 Rxe6 12. Rf1 Rf6 13. Qe2 Rxf1+ 14.
Qxf1 c6 15. Nf3 Qe7 16. e4 b5 17. Qe2 Nd7 18. Re1 Re8 19. d5 Bxc3 20. bxc3 cxd5
21. Qxb5 dxe4 22. Ng5 Nc5 23. h4 h6 24. Nh3 Qe5 25. Rd1 Nd3+ 26. Qxd3 exd3 27.
Rxd3 Qe1+ 0-1

[Event "Quebec-ch U16/U18"]
[Site "Montreal CAN"]
[Date "2020.02.22"]
[Round "1.8"]
[White "Craciun, David"]
[Black "Gribble, Nicolas"]
[Result "1-0"]
[WhiteElo "1930"]
[BlackElo "1207"]
[Annotator "FQE1"]
[PlyCount "49"]
[EventDate "2020.02.22"]
[EventType "swiss"]
[EventRounds "4"]
[EventCountry "CAN"]

1. d4 d5 2. Bf4 Nf6 3. e3 Bf5 4. c4 e6 5. Qb3 b6 6. Nc3 Nc6 7. cxd5 exd5 8. Bb5
Qd7 9. Qa4 Qd8 10. Bxc6+ Bd7 11. Nf3 Bd6 12. Ne5 Bxe5 13. dxe5 Ne4 14. Nxe4
dxe4 15. Rd1 O-O 16. Rxd7 Qc8 17. O-O Rb8 18. Rfd1 a6 19. Bg5 b5 20. Qxe4 h6
21. Bh4 Kh8 22. e6 fxe6 23. Qg6 Rg8 24. Bf6 Qf8 25. Qxh6# 1-0

[Event "Quebec-ch U16/U18"]
[Site "Montreal CAN"]
[Date "2020.02.22"]
[Round "2.2"]
[White "Martinez-Mulet, Dario"]
[Black "Ouellet, Maili-Jade"]
[Result "1-0"]
[WhiteElo "2195"]
[BlackElo "2350"]
[PlyCount "93"]
[EventDate "2020.02.22"]
[EventType "swiss"]
[EventRounds "4"]
[EventCountry "CAN"]

1. d4 d5 2. Nf3 Nf6 3. c4 dxc4 4. e3 b5 5. a4 b4 6. Bxc4 e6 7. O-O Be7 8. Nbd2
Bb7 9. Qe2 O-O 10. Rd1 c5 11. Nb3 Nbd7 12. Bd2 Qc7 13. Rac1 a5 14. Bb5 Bd5 15.
Nxc5 Nxc5 16. dxc5 Bxc5 17. Bd3 Rfc8 18. e4 Bb3 19. Rf1 Bxa4 20. e5 Ne8 21. Qe4
g6 22. Ng5 Qd8 23. Qf3 Ra7 24. Qh3 h5 25. Bf4 Ng7 26. Ne4 Be7 27. Ra1 Bc6 28.
Nd6 Bxd6 29. exd6 Bd5 30. Qe3 Raa8 31. Rfd1 Qd7 32. Be5 Kh7 33. Qg5 Qd8 34. Qf4
f5 35. Qd4 Ne8 36. Qf4 Qd7 37. h3 Ng7 38. g4 Rf8 39. Qg5 Qf7 40. Rd2 Kg8 41.
Rc1 Rac8 42. Rc7 Rxc7 43. dxc7 fxg4 44. Bxg6 Qd7 45. Qh6 Rf7 46. Qh7+ Kf8 47.
Bxf7 1-0

[Event "Quebec-ch U16/U18"]
[Site "Montreal CAN"]
[Date "2020.02.22"]
[Round "2.3"]
[White "Tanaka, Tyler"]
[Black "Craciun, David"]
[Result "1-0"]
[WhiteElo "2282"]
[BlackElo "1930"]
[PlyCount "91"]
[EventDate "2020.02.22"]
[EventType "swiss"]
[EventRounds "4"]
[EventCountry "CAN"]

1. Nf3 d5 2. g3 Nf6 3. Bg2 e6 4. O-O Be7 5. c4 O-O 6. d4 Nbd7 7. Qc2 Re8 8.
Nbd2 c5 9. cxd5 exd5 10. dxc5 Bxc5 11. Nb3 Bb6 12. Bf4 Nf8 13. Rad1 h6 14. Be5
Ne4 15. Bd4 Bf5 16. Qc1 Ne6 17. Bxb6 axb6 18. Nbd4 Bh7 19. Nxe6 fxe6 20. a3 Rc8
21. Qe3 Rc2 22. Rb1 Qd6 23. Nd4 Rc4 24. Rbc1 Rec8 25. Rxc4 Rxc4 26. Rc1 Rc5 27.
b4 Rxc1+ 28. Qxc1 Kf7 29. Bxe4 Bxe4 30. f3 Bg6 31. Qc8 Qe7 32. f4 Kf6 33. Nf3
Bh5 34. Qc3+ Kg6 35. Qc2+ Kf6 36. Qc3+ Kg6 37. Qc2+ Kf6 38. Ne5 Qd8 39. Qb2 Ke7
40. Kf2 g5 41. Nd3 d4 42. Qc1 Kd6 43. Qc4 Ke7 44. Qb5 Kd6 45. Qe5+ Ke7 46. Qg7+
1-0

[Event "Quebec-ch U16/U18"]
[Site "Montreal CAN"]
[Date "2020.02.22"]
[Round "2.4"]
[White "Tinica, Gabriel"]
[Black "Huang, Qiuyu"]
[Result "0-1"]
[WhiteElo "2032"]
[BlackElo "2209"]
[PlyCount "78"]
[EventDate "2020.02.22"]
[EventType "swiss"]
[EventRounds "4"]
[EventCountry "CAN"]

1. d4 d6 2. Bf4 g6 3. e4 Bg7 4. c3 Nd7 5. Nf3 e5 6. Be3 Ne7 7. Bc4 O-O 8. Nbd2
h6 9. dxe5 dxe5 10. b4 b6 11. Qb3 Bb7 12. O-O Qe8 13. Bb5 a6 14. Bxd7 Qxd7 15.
Nc4 Qe6 16. Ncxe5 Qxb3 17. axb3 Bxe4 18. Rac1 Nf5 19. Rfe1 Nxe3 20. Rxe3 Bb7
21. Nd4 Rfe8 22. Rce1 Rad8 23. g3 Rd5 24. Nec6 Rxe3 25. Rxe3 Kf8 26. f3 Rd6 27.
Ne5 c5 28. bxc5 bxc5 29. Ne2 Bxe5 30. Rxe5 Bxf3 31. Nf4 Bd1 32. Rxc5 Bxb3 33.
Ra5 Bc4 34. h4 Bb5 35. Kf2 g5 36. hxg5 hxg5 37. Nh3 f6 38. Ra3 Rd3 39. Ng1 g4
0-1